00785 2200205 4500245009100000020002200091250001100113100001600124700001800140700002100158650001400179650002000193005001900213260003600232041001400268084001500282300003000297500024300327336000900570 aPancasila Karya Bangsa Milik Bersama b : Bukan Hak Suatu GolongancA. M. FatwahText a978-979-17735-1-5 aCet. 1 aA. M. Fatwa aLukman Hakiem aUsep Fahthuddien aPancasila aDokumen Sejarah a20240506095804 aJakartabThe Fatwa Centerc2011 aIndonesia a320.509598 axviii, 319 hlm. :c21 cm. aBuku ini hendak menyajikan sebuah pemahaman baru bahwa Pancasila sebagai dasar negara dan filosofi hidup bangsa adalah ideologi yang bisa diterima oleh semua kalangan, milik semua golongan dan tidak terbatas hanya pada satu kelompok saja. atext